| 000 | 00962nam a2200265 i 4500 | ||
|---|---|---|---|
| 003 | EG-ScBUE | ||
| 005 | 20250521083153.0 | ||
| 008 | 100325s2010 ii a f 00010 eengdd | ||
| 020 | _a9788122426793 | ||
| 040 |
_aEG-ScBUE _beng _erda _cEG-ScBUE _dEG-ScBUE |
||
| 082 | 0 | 4 |
_222 _a531.32 _bCHA |
| 100 | 1 |
_913115 _aChaudhuri, R. N., _eauthor. |
|
| 245 |
_aWaves and oscillations / _cR. N. Chaudhuri, Ph.D., former professor and Head Department of Physics, Department of Physics, Visva-Bharati, Santiniketan, West Bengal. |
||
| 250 | _aSecond edition. | ||
| 264 | 1 |
_aNew Delhi : _bNew Age International, (P) Limited, Publishers, _c2010. |
|
| 300 |
_axiv, 379 pages : _billustrations ; _c24 cm |
||
| 336 |
_2rdacontent _atext _btxt |
||
| 337 |
_aunmediated _2rdamedia _bn |
||
| 338 |
_avolume _bnc _2rdacarrier |
||
| 500 | _aIncludes index. | ||
| 650 | 7 |
_912628 _aWaves. _2BUEsh |
|
| 650 | 7 |
_913114 _aOscillations. _2BUEsh |
|
| 655 | _vReading book | ||
| 942 |
_2ddc _cBB |
||
| 999 |
_c13781 _d13781 |
||